000 00860nam a2200253Ia 4500
003 IN-BaIIA
008 211028s9999 xx s 000 0 eng d
020 _a978-1-4419-7792-2 (Print)
020 _a978-1-4419-7793-9 (Online)
022 _a0342-4111 (Print)
022 _a1556-1534 (Online)
040 _cIIA Library
100 _aKim, Myung K.
_938728
245 0 _aDigital Holographic Microscopy
_h[eBook]
260 _aNew York
_bSpringer New York
_c2011
300 _aOnline resource
490 _aSpringer Series in Optical Sciences
650 _a Biological Microscopy
_938517
650 _a Computer Imaging, Vision, Pattern Recognition and Graphics
_938729
650 _a Optics, Lasers, Photonics, Optical Devices
650 _aPhysics
_973
856 _uhttp://doi.org/10.1007/978-1-4419-7793-9
_yClick Here to Access eBook
942 _cEB
999 _c20856
_d20856